[Event "BL 1920 SG Speyer-Schwegenheim - SC Vie"]
[Site "?"]
[Date "2019.11.23"]
[Round "1.1"]
[White "Kryvoruchko, Yuriy"]
[Black "Abasov, Nijat"]
[Result "1/2-1/2"]
[WhiteElo "2669"]
[BlackElo "2632"]
[PlyCount "58"]
[EventDate "2019.??.??"]

1. e4 c5 2. Nf3 Nc6 3. Nc3 g6 4. d4 cxd4 5. Nxd4 Bg7 6. Be3 Nf6 7. f4 d6 8. Be2
O-O 9. O-O Qb6 10. Qd3 Ng4 11. Bxg4 Bxd4 12. Bxd4 Qxd4+ 13. Qxd4 Nxd4 14. Bd1
Be6 15. Nd5 Bxd5 16. exd5 h5 17. Re1 Nf5 18. c3 Kg7 19. Re4 Rfc8 20. Bb3 a5 21.
Rd1 b5 22. a3 Rc7 23. g3 Nh6 24. Rde1 Ng8 25. h3 f5 26. Rd4 Nf6 27. Bd1 Rb8 28.
Bf3 Kf7 29. Re3 Rc4 1/2-1/2

[Event "BL 1920 SG Speyer-Schwegenheim - SC Vie"]
[Site "?"]
[Date "2019.11.23"]
[Round "1.2"]
[White "Pavlidis, Antonios"]
[Black "Korobov, Anton"]
[Result "1/2-1/2"]
[WhiteElo "2550"]
[BlackElo "2679"]
[PlyCount "77"]
[EventDate "2019.??.??"]

1. e4 c5 2. Nf3 d6 3. d4 cxd4 4. Nxd4 Nf6 5. Nc3 a6 6. Be3 e5 7. Nb3 Be6 8. Be2
Be7 9. O-O Nbd7 10. a4 O-O 11. Qd3 Rc8 12. a5 Qc7 13. Rfc1 Nc5 14. Nxc5 dxc5
15. Bf3 c4 16. Qe2 Bc5 17. Bg5 Qe7 18. Rd1 h6 19. Nd5 Bxd5 20. Bxf6 Qxf6 21.
Rxd5 Rfd8 22. Rad1 Rxd5 23. Rxd5 g6 24. c3 h5 25. g3 Qe6 26. Kg2 Be7 27. h4 Rc5
28. Rxc5 Bxc5 29. Qd1 b5 30. axb6 Qxb6 31. Qd2 Kg7 32. Bd1 Qf6 33. Bf3 Qb6 34.
Qd5 Bxf2 35. Qxe5+ Kg8 36. Qe8+ Kg7 37. Qe5+ Kg8 38. Qe8+ Kg7 39. Qe5+ 1/2-1/2

[Event "BL 1920 SG Speyer-Schwegenheim - SC Vie"]
[Site "?"]
[Date "2019.11.23"]
[Round "1.3"]
[White "Amin, Bassem"]
[Black "Horvath, Adam"]
[Result "1/2-1/2"]
[WhiteElo "2699"]
[BlackElo "2495"]
[PlyCount "97"]
[EventDate "2019.??.??"]
[WhiteTeam "Ägypten"]
[BlackTeam "Ungarn"]
[BlackTeamCountry "HUN"]

1. e4 c5 2. Nf3 Nc6 3. Bb5 g6 4. Bxc6 bxc6 5. O-O Bg7 6. Re1 Nh6 7. c3 O-O 8.
d4 cxd4 9. cxd4 d5 10. e5 f6 11. exf6 exf6 12. h3 Bf5 13. Nc3 g5 14. b3 Qd7 15.
Na4 Rae8 16. Ba3 Rxe1+ 17. Qxe1 Re8 18. Qc3 Nf7 19. Rc1 Nd8 20. Nh2 Ne6 21. Nc5
Nf4 22. Nxd7 Ne2+ 23. Kf1 Nxc3 24. Rxc3 Bxd7 25. Nf3 Kf7 26. Ne1 f5 27. Bc5 f4
28. Rc2 a6 29. Re2 Bf5 30. Rxe8 Kxe8 31. Ke2 Kd7 32. Kd2 Bf6 33. Nd3 h5 34. f3
Bxd3 35. Kxd3 h4 36. Kc3 Kc7 37. Kb4 Kb7 38. a3 Kc7 39. Ka5 Kb7 40. Bb6 Be7 41.
b4 Bf6 42. a4 Be7 43. b5 axb5 44. axb5 Bf6 45. Bc5 Bd8+ 46. Ka4 Bf6 47. Kb4 Kc7
48. Ka5 Kb7 49. Ka4 1/2-1/2

[Event "BL 1920 SG Speyer-Schwegenheim - SC Vie"]
[Site "?"]
[Date "2019.11.23"]
[Round "1.4"]
[White "Nemeth, Miklos"]
[Black "Fedorchuk, Sergey A"]
[Result "1/2-1/2"]
[WhiteElo "2488"]
[BlackElo "2621"]
[PlyCount "103"]
[EventDate "2019.??.??"]

1. e4 c5 2. Nf3 e6 3. d4 cxd4 4. Nxd4 Nc6 5. Nc3 d6 6. Be2 Nf6 7. Be3 Be7 8.
O-O O-O 9. f4 a6 10. Qe1 Nxd4 11. Bxd4 b5 12. a3 Bb7 13. Qg3 g6 14. Bf3 a5 15.
Rad1 b4 16. e5 Bxf3 17. Qxf3 bxc3 18. exf6 Bxf6 19. Qxc3 Bxd4+ 20. Qxd4 Rb8 21.
b3 d5 22. Rf3 Qe7 23. a4 Rb4 24. Qc3 Qb7 25. Qf6 Rc8 26. h4 Qb6+ 27. Kh1 Qd8
28. Qxd8+ Rxd8 29. c4 Kf8 30. Kg1 Ke7 31. Rfd3 d4 32. Kf2 Rd7 33. Re1 Rdb7 34.
Re5 Rxb3 35. Rxb3 Rxb3 36. Rxa5 Rc3 37. c5 h5 38. Rb5 Kd7 39. Rb4 Kc6 40. Rxd4
Rxc5 41. g3 Rc2+ 42. Kf3 Ra2 43. Rc4+ Kd6 44. Rb4 Ra3+ 45. Kg2 Kc6 46. Rc4+ Kd6
47. Rb4 Kc6 48. Rc4+ Kd5 49. Rc7 Ke4 50. Rxf7 Ra2+ 51. Kh3 Kf3 52. Rb7 1/2-1/2

[Event "BL 1920 SG Speyer-Schwegenheim - SC Vie"]
[Site "?"]
[Date "2019.11.23"]
[Round "1.5"]
[White "Maze, Sebastien"]
[Black "Shytaj, Luca"]
[Result "1-0"]
[WhiteElo "2547"]
[BlackElo "2483"]
[PlyCount "87"]
[EventDate "2019.??.??"]

1. e4 c5 2. Nf3 d6 3. d4 cxd4 4. Nxd4 Nf6 5. Nc3 a6 6. Be2 e5 7. Nf3 Qc7 8. Bg5
Nbd7 9. a4 h6 10. Be3 b6 11. Nd2 Bb7 12. Bf3 Be7 13. Qe2 Rc8 14. O-O O-O 15.
Rfd1 Rfe8 16. Nf1 Bf8 17. Ng3 Qb8 18. Bg4 Rc7 19. Bxd7 Rxd7 20. Bxb6 Nxe4 21.
Ncxe4 Bxe4 22. Nxe4 Qxb6 23. Nf6+ gxf6 24. Qg4+ Bg7 25. Qxd7 Re6 26. a5 Qb8 27.
Qc6 d5 28. Qxd5 Qxb2 29. c4 e4 30. Rab1 Qa3 31. Re1 Re5 32. Qa8+ Bf8 33. Rxe4
Qxa5 34. Rxe5 fxe5 35. g3 Kg7 36. Qd5 Qxd5 37. cxd5 a5 38. Rb6 a4 39. Ra6 a3
40. g4 Bc5 41. Kg2 f6 42. Kf3 Kf7 43. Ke4 Ke7 44. f3 1-0

[Event "BL 1920 SG Speyer-Schwegenheim - SC Vie"]
[Site "?"]
[Date "2019.11.23"]
[Round "1.6"]
[White "Kovacs, Gabor"]
[Black "Tarlev, Konstantin"]
[Result "1/2-1/2"]
[WhiteElo "2457"]
[BlackElo "2559"]
[PlyCount "47"]
[EventDate "2019.??.??"]

1. d4 Nf6 2. c4 e6 3. Nc3 Bb4 4. e3 O-O 5. Nf3 c5 6. Bd3 d5 7. O-O Nc6 8. a3
Bxc3 9. bxc3 dxc4 10. Bxc4 Qc7 11. Bb2 e5 12. h3 Bf5 13. Bb5 e4 14. Nd2 Rfd8
15. Bxc6 Qxc6 16. c4 cxd4 17. Bxd4 Nd7 18. Qh5 Bg6 19. Qb5 Qxb5 20. cxb5 Nf8
21. Rfc1 Ne6 22. Nb3 f6 23. a4 Be8 24. Bb2 1/2-1/2

[Event "BL 1920 SG Speyer-Schwegenheim - SC Vie"]
[Site "?"]
[Date "2019.11.23"]
[Round "1.7"]
[White "Zaragatski, Ilja"]
[Black "Bodrozic, Tomislav"]
[Result "1/2-1/2"]
[WhiteElo "2489"]
[BlackElo "2363"]
[PlyCount "85"]
[EventDate "2019.??.??"]

1. g3 c5 2. c4 Nc6 3. Bg2 g6 4. Nc3 Bg7 5. a3 e6 6. Rb1 a5 7. Nf3 Nge7 8. d4
cxd4 9. Nb5 d5 10. cxd5 exd5 11. Nbxd4 O-O 12. O-O Nf5 13. Nb5 Qb6 14. a4 d4
15. Bf4 Be6 16. Nc7 Rad8 17. Nxe6 fxe6 18. Qd3 Nd6 19. Bxd6 Rxd6 20. Nd2 Ne5
21. Qe4 Rc8 22. b3 Qb4 23. Rfd1 b6 24. Qb7 Rdd8 25. Ne4 d3 26. exd3 Qd4 27. Ng5
Rc2 28. Qxg7+ Kxg7 29. Nxe6+ Kf7 30. Nxd4 Rxd4 31. Be4 Rc3 32. Rdc1 Rxc1+ 33.
Rxc1 Nxd3 34. Rc7+ Kg8 35. Bf3 Nc5 36. Be2 Rb4 37. Bc4+ Kh8 38. g4 Nxb3 39. g5
h6 40. Rc8+ Kh7 41. Rc7+ Kh8 42. Rc8+ Kh7 43. Rc7+ 1/2-1/2

[Event "BL 1920 SG Speyer-Schwegenheim - SC Vie"]
[Site "?"]
[Date "2019.11.23"]
[Round "1.8"]
[White "Flierl, Pascal"]
[Black "Meinhardt, Maximilian"]
[Result "1/2-1/2"]
[WhiteElo "2210"]
[BlackElo "2371"]
[PlyCount "59"]
[EventDate "2019.??.??"]

1. e4 e6 2. d4 d5 3. Nc3 Nc6 4. Nf3 Nf6 5. Bg5 Be7 6. exd5 exd5 7. Be2 O-O 8.
O-O Ne4 9. Bxe7 Nxe7 10. Bd3 Nxc3 11. bxc3 Bf5 12. Re1 Bg6 13. Rb1 b6 14. Qd2
Qd6 15. Ne5 Rad8 16. Re3 Bxd3 17. Qxd3 a5 18. Rbe1 Ng6 19. Qf5 Nxe5 20. Rxe5
Qc6 21. R5e3 Rd6 22. h4 Rf6 23. Qg5 h6 24. Qh5 a4 25. g4 Rf4 26. f3 a3 27. Kg2
Qc4 28. Qe5 Rf6 29. Qe7 Ra8 30. Qd7 1/2-1/2

[Event "BL 1920 SV Hockenheim - Aachener SV"]
[Site "?"]
[Date "2019.11.23"]
[Round "1.9"]
[White "Seel, Christian"]
[Black "Vitiugov, Nikita"]
[Result "1/2-1/2"]
[WhiteElo "2481"]
[BlackElo "2732"]
[PlyCount "88"]
[EventDate "2019.??.??"]

1. Nf3 Nf6 2. c4 e6 3. Nc3 Bb4 4. g3 O-O 5. Bg2 Nc6 6. O-O d5 7. a3 Be7 8. cxd5
exd5 9. d4 Ne4 10. Qb3 Na5 11. Qa4 Nxc3 12. bxc3 Nc4 13. Nd2 c6 14. Nxc4 b5 15.
Qc2 bxc4 16. Qa4 Bd7 17. Bf4 c5 18. Qd1 Be6 19. e4 dxe4 20. Bxe4 cxd4 21. cxd4
Bd5 22. Re1 Bxe4 23. Rxe4 Rc8 24. Qe2 Bd6 25. Rc1 Bxf4 26. Rxf4 c3 27. Qa2 Qb6
28. Rc2 Rc7 29. h4 Rb8 30. Kh2 g6 31. Re4 a5 32. d5 Qc5 33. Re3 Qd4 34. d6 Qxd6
35. Rexc3 Rxc3 36. Rxc3 Qf6 37. Qc2 Kg7 38. Kg2 Rb6 39. Rf3 Qc6 40. Qxc6 Rxc6
41. Rf4 f5 42. Rd4 Rc3 43. Ra4 Rc5 44. Rd4 Rc3 1/2-1/2

[Event "BL 1920 SV Hockenheim - Aachener SV"]
[Site "?"]
[Date "2019.11.23"]
[Round "1.11"]
[White "Piceu, Tom"]
[Black "Howell, David W L"]
[Result "1-0"]
[WhiteElo "2359"]
[BlackElo "2694"]
[PlyCount "81"]
[EventDate "2019.??.??"]

1. d4 Nf6 2. c4 g6 3. Nc3 Bg7 4. e4 d6 5. f4 O-O 6. Nf3 c5 7. d5 e6 8. Be2 exd5
9. cxd5 Re8 10. Nd2 c4 11. O-O Nbd7 12. e5 dxe5 13. Nxc4 Nb6 14. fxe5 Nfxd5 15.
Nd6 Nxc3 16. bxc3 Rf8 17. Bf4 Be6 18. Bf3 Qc7 19. Bxb7 Rab8 20. Bf3 Qxc3 21.
Re1 Nd7 22. Rc1 Qa5 23. Qe2 Rb4 24. Bg3 h5 25. Bc6 h4 26. Bxd7 Bxd7 27. Bf2 h3
28. Rc5 Qd8 29. Qd2 Rg4 30. Bg3 hxg2 31. Ne4 Qb6 32. Bf2 Rxe4 33. Rxe4 Qb7 34.
Qb4 Qa8 35. Rc7 Rb8 36. Rxa7 Qxa7 37. Bxa7 Rxb4 38. Rxb4 Bxe5 39. Bd4 Bd6 40.
Rb6 Bf4 41. a4 1-0

[Event "BL 1920 SV Hockenheim - Aachener SV"]
[Site "?"]
[Date "2019.11.23"]
[Round "1.12"]
[White "Inarkiev, Ernesto"]
[Black "Klein, Felix"]
[Result "1-0"]
[WhiteElo "2693"]
[BlackElo "2350"]
[PlyCount "51"]
[EventDate "2019.??.??"]

1. d4 d5 2. c4 e6 3. Nc3 Nf6 4. cxd5 exd5 5. Bg5 Bb4 6. e3 h6 7. Bh4 g5 8. Bg3
Ne4 9. Rc1 h5 10. f3 Bxc3+ 11. bxc3 Nxg3 12. hxg3 Qd6 13. Kf2 Nd7 14. c4 h4 15.
gxh4 gxh4 16. cxd5 Qg3+ 17. Ke2 Nb6 18. e4 Bd7 19. Qe1 Qg7 20. Rxc7 O-O 21.
Qxh4 Rfe8 22. d6 Rad8 23. Rc5 f5 24. Rh3 fxe4 25. Rg3 exf3+ 26. Kf2 1-0

[Event "BL 1920 SV Hockenheim - Aachener SV"]
[Site "?"]
[Date "2019.11.23"]
[Round "1.5"]
[White "Lemmers, Oscar"]
[Black "Saric, Ivan"]
[Result "1/2-1/2"]
[WhiteElo "2347"]
[BlackElo "2667"]
[PlyCount "136"]
[EventDate "2019.??.??"]

1. e4 g6 2. d4 Bg7 3. Nc3 d6 4. f4 Nf6 5. Nf3 O-O 6. Bd3 Nc6 7. e5 dxe5 8. dxe5
Nd5 9. O-O Ndb4 10. Be4 f5 11. Bd5+ Nxd5 12. Qxd5+ Qxd5 13. Nxd5 Rd8 14. Nc3 e6
15. Nb5 Rd7 16. Be3 a6 17. Nbd4 Nxd4 18. Nxd4 Kf7 19. Rad1 b6 20. Nc6 Bf8 21.
c4 Ke8 22. Nd4 c5 23. Nf3 h6 24. Nd2 Bb7 25. Nb1 b5 26. Rxd7 Kxd7 27. Nd2 Kc7
28. Nb3 Kb6 29. cxb5 Kxb5 30. Rc1 Rc8 31. Nd2 c4 32. Nb1 a5 33. Nc3+ Ka6 34.
Rd1 Bc6 35. Kf2 Be7 36. Ne2 g5 37. g3 Rb8 38. Bd4 Bd5 39. Ke3 g4 40. Rc1 Rc8
41. Nc3 Bb7 42. Na4 Rc6 43. Rc2 h5 44. h3 gxh3 45. Rh2 Rc8 46. Rxh3 Rg8 47.
Nc5+ Bxc5 48. Bxc5 Kb5 49. Bd6 Bd5 50. Kd2 Be4 51. b3 a4 52. bxc4+ Kxc4 53. Ke3
Bd5 54. a3 Rg7 55. Kf2 Rb7 56. Rxh5 Rb2+ 57. Ke1 Kd3 58. Bc5 Rc2 59. Bb6 Rc3
60. Rh2 Rxa3 61. Rd2+ Kc4 62. Rc2+ Kb3 63. Kd2 Ra1 64. Rc3+ Kb4 65. Rc1 Ra2+
66. Rc2 Rxc2+ 67. Kxc2 a3 68. Kb1 Kb3 1/2-1/2

[Event "BL 1920 SV Hockenheim - Aachener SV"]
[Site "?"]
[Date "2019.11.23"]
[Round "1.14"]
[White "Wagner, Dennis"]
[Black "Meessen, Rudolf"]
[Result "1-0"]
[WhiteElo "2565"]
[BlackElo "2240"]
[PlyCount "75"]
[EventDate "2019.??.??"]

1. d4 Nf6 2. c4 e6 3. Nc3 Bb4 4. e3 O-O 5. Bd2 d5 6. Nf3 b6 7. cxd5 exd5 8. Rc1
Bb7 9. Bd3 Be7 10. O-O Nbd7 11. Qc2 c5 12. Ne5 cxd4 13. exd4 Nxe5 14. dxe5 Ne4
15. Be3 Nxc3 16. Bxh7+ Kh8 17. bxc3 g6 18. Bxg6 fxg6 19. Qxg6 Qe8 20. Qh6+ Kg8
21. f4 Rf7 22. f5 Bf8 23. Qf4 Rh7 24. e6 Bh6 25. Qd4 Rc8 26. Bxh6 Rxh6 27. Rce1
Qh5 28. h3 Qh4 29. f6 Qxd4+ 30. cxd4 Kf8 31. Kh2 Ba6 32. Rf3 Rh7 33. g4 Rhc7
34. g5 Rc2+ 35. Kg3 Be2 36. g6 Bxf3 37. e7+ Ke8 38. f7+ 1-0

[Event "BL 1920 SV Hockenheim - Aachener SV"]
[Site "?"]
[Date "2019.11.23"]
[Round "1.15"]
[White "Coenen, Norbert"]
[Black "Buhmann, Rainer"]
[Result "0-1"]
[WhiteElo "2294"]
[BlackElo "2574"]
[PlyCount "84"]
[EventDate "2019.??.??"]

1. e4 e5 2. Nf3 Nc6 3. Bc4 Nf6 4. Ng5 d5 5. exd5 Na5 6. Bb5+ c6 7. dxc6 bxc6 8.
Bd3 Nd5 9. Nf3 Bd6 10. O-O O-O 11. Re1 f5 12. Nxe5 Qf6 13. Nf3 g5 14. c3 g4 15.
Nd4 Qh6 16. g3 f4 17. Bf1 fxg3 18. fxg3 Rf2 19. Bg2 Bxg3 20. hxg3 Rxg2+ 21.
Kxg2 Qh3+ 22. Kg1 Qxg3+ 23. Kh1 Qh3+ 24. Kg1 Qg3+ 25. Kh1 Nf4 26. Re8+ Kf7 27.
Qg1 Qh3+ 28. Qh2 Qf1+ 29. Qg1 Qxg1+ 30. Kxg1 Kxe8 31. b4 Nc4 32. Na3 Ne5 33.
Nac2 Ba6 34. Ba3 Kd7 35. Ne3 h5 36. Ng2 Nxg2 37. Kxg2 h4 38. Re1 Re8 39. Nf5
Nf3 40. Rxe8 Kxe8 41. d4 Bd3 42. Ne3 h3+ 0-1

[Event "BL 1920 SV Hockenheim - Aachener SV"]
[Site "?"]
[Date "2019.11.23"]
[Round "1.16"]
[White "Baramidze, David"]
[Black "Begnis, Nikolaos"]
[Result "1-0"]
[WhiteElo "2593"]
[BlackElo "2278"]
[PlyCount "49"]
[EventDate "2019.??.??"]

1. e4 c5 2. Nf3 d6 3. d4 cxd4 4. Nxd4 Nf6 5. Nc3 Nc6 6. Bg5 e6 7. Qd2 Be7 8.
O-O-O O-O 9. f4 h6 10. Bh4 e5 11. Nf5 Bxf5 12. exf5 exf4 13. Kb1 d5 14. Bxf6
Bxf6 15. Nxd5 Be5 16. Bc4 b5 17. Bb3 a5 18. c3 b4 19. cxb4 a4 20. Bc2 a3 21.
Rhe1 axb2 22. Qd3 f6 23. Qc4 Kh8 24. Qxc6 Rc8 25. Qa4 1-0

[Event "BL 1920 SV Werder Bremen - SG Solingen"]
[Site "?"]
[Date "2019.11.23"]
[Round "1.1"]
[White "Tari, Aryan"]
[Black "Fressinet, Laurent"]
[Result "1/2-1/2"]
[WhiteElo "2629"]
[BlackElo "2633"]
[PlyCount "49"]
[EventDate "2019.??.??"]

1. Nf3 d5 2. e3 Nf6 3. c4 e6 4. Nc3 c5 5. cxd5 exd5 6. Bb5+ Bd7 7. Bxd7+ Qxd7
8. d4 Nc6 9. O-O Ne4 10. Qc2 Nxc3 11. bxc3 cxd4 12. cxd4 Be7 13. Bd2 O-O 14.
Rfb1 Rfc8 15. Qd3 b6 16. a4 Bd8 17. h3 Qe6 18. Rc1 h6 19. Rc2 Rc7 20. Rac1 Rac8
21. Qb3 Ne7 22. Ne5 Rxc2 23. Rxc2 Bc7 24. Nd3 Bd6 25. Bb4 1/2-1/2

[Event "BL 1920 SV Werder Bremen - SG Solingen"]
[Site "?"]
[Date "2019.11.23"]
[Round "1.2"]
[White "McShane, Luke J"]
[Black "Van Foreest, Jorden"]
[Result "1/2-1/2"]
[WhiteElo "2675"]
[BlackElo "2632"]
[PlyCount "95"]
[EventDate "2019.??.??"]

1. e4 c5 2. Nf3 d6 3. Bb5+ Bd7 4. Bxd7+ Qxd7 5. c4 Nf6 6. Nc3 g6 7. d4 cxd4 8.
Nxd4 Bg7 9. f3 Nc6 10. Be3 O-O 11. O-O a6 12. Qd3 Rfc8 13. b3 b5 14. cxb5 Ne5
15. Qd2 d5 16. Nc6 Nxc6 17. bxc6 Rxc6 18. Rad1 Rac8 19. Nxd5 Nxd5 20. exd5 Rc2
21. Qa5 Re2 22. Bc5 Qb5 23. Qxb5 axb5 24. Rf2 Rxf2 25. Bxf2 Rc2 26. Bh4 f6 27.
d6 exd6 28. Rxd6 Rxa2 29. Rd8+ Kf7 30. Rd7+ Kg8 31. Rd8+ Kf7 32. Rd7+ Kg8 33.
Rb7 Ra1+ 34. Kf2 Ra2+ 35. Kf1 Ra1+ 36. Kf2 Ra2+ 37. Kf1 Ra1+ 38. Be1 f5 39. Kf2
Be5 40. g3 f4 41. g4 Ra2+ 42. Kf1 Rxh2 43. Bf2 Rh1+ 44. Kg2 Rb1 45. Rxb5 Bc3
46. Bh4 h6 47. Rb8+ Kf7 48. Rb7+ 1/2-1/2

[Event "BL 1920 SV Werder Bremen - SG Solingen"]
[Site "?"]
[Date "2019.11.23"]
[Round "1.3"]
[White "Andersen, Mads"]
[Black "Nabaty, Tamir"]
[Result "1/2-1/2"]
[WhiteElo "2601"]
[BlackElo "2639"]
[PlyCount "77"]
[EventDate "2019.??.??"]

1. d4 e6 2. c4 g6 3. Nf3 Bg7 4. g3 Ne7 5. Bg2 O-O 6. O-O b6 7. Nc3 Ba6 8. b3 d5
9. cxd5 Nxd5 10. Nxd5 exd5 11. Bg5 Qe8 12. Re1 Nc6 13. Qd2 f6 14. Bh6 Qd7 15.
Bxg7 Kxg7 16. e3 Nd8 17. Rec1 Nf7 18. Ne1 c6 19. a4 Rac8 20. Nd3 Ng5 21. Nb4
Bb7 22. a5 c5 23. Nc2 c4 24. axb6 cxb3 25. Ne1 Rxc1 26. Rxc1 Rc8 27. bxa7 Ne4
28. Qb2 Rxc1 29. Qxc1 Ba8 30. Qa3 Qb7 31. Nd3 Nd2 32. Nb2 Qc7 33. Qc5 Qxc5 34.
dxc5 f5 35. Bf1 Nf3+ 36. Kg2 Ne1+ 37. Kg1 Nf3+ 38. Kg2 Ne1+ 39. Kg1 1/2-1/2

[Event "BL 1920 SV Werder Bremen - SG Solingen"]
[Site "?"]
[Date "2019.11.23"]
[Round "1.4"]
[White "Efimenko, Zahar"]
[Black "Van Wely, Loek"]
[Result "1-0"]
[WhiteElo "2601"]
[BlackElo "2610"]
[PlyCount "70"]
[EventDate "2019.??.??"]

1. Nf3 d5 2. g3 g6 3. Bg2 Bg7 4. d4 Nd7 5. O-O Ngf6 6. a4 a5 7. b3 O-O 8. Bb2
c5 9. dxc5 Nxc5 10. Na3 Bf5 11. e3 Rc8 12. Rc1 Qb6 13. Bd4 Rfd8 14. Qe2 Nfe4
15. Nb5 Bd7 16. Ne5 Bxb5 17. axb5 Qd6 18. f4 Ne6 19. c4 f5 20. Ba1 Qa3 21. Rb1
Bxe5 22. Bxe5 dxc4 23. Bxe4 fxe4 24. Qg4 Ng7 25. f5 Qc5 26. Bd4 Qd6 27. bxc4 e5
28. Ba1 Rf8 29. Rbd1 Qf6 30. fxg6 Qxg6 31. Rxf8+ Rxf8 32. Qxg6 hxg6 33. Bxe5
Rc8 34. Rd7 Nf5 35. Rxb7 Rxc4 1-0

[Event "BL 1920 SV Werder Bremen - SG Solingen"]
[Site "?"]
[Date "2019.11.23"]
[Round "1.5"]
[White "Predojevic, Borki"]
[Black "Edouard, Romain"]
[Result "1/2-1/2"]
[WhiteElo "2621"]
[BlackElo "2635"]
[PlyCount "57"]
[EventDate "2019.??.??"]

1. d4 d5 2. c4 dxc4 3. Nf3 Nf6 4. e3 e6 5. Bxc4 c5 6. O-O a6 7. b3 Nbd7 8. Bb2
b5 9. Be2 Bb7 10. a4 b4 11. Nbd2 Be7 12. Rc1 Rc8 13. Nc4 O-O 14. Nfe5 cxd4 15.
Bxd4 Nxe5 16. Bxe5 Nd5 17. Bf3 Bf6 18. Bxf6 Qxf6 19. Bxd5 Bxd5 20. Nb6 Rxc1 21.
Nxd5 Rxd1 22. Nxf6+ gxf6 23. Rxd1 Rc8 24. g3 Rc3 25. Rd6 Rxb3 26. Rxa6 Ra3 27.
a5 b3 28. Rb6 Rxa5 29. Rxb3 1/2-1/2

[Event "BL 1920 SV Werder Bremen - SG Solingen"]
[Site "?"]
[Date "2019.11.23"]
[Round "1.6"]
[White "Hracek, Zbynek"]
[Black "Smeets, Jan"]
[Result "1/2-1/2"]
[WhiteElo "2559"]
[BlackElo "2596"]
[PlyCount "76"]
[EventDate "2019.??.??"]

1. e4 c6 2. d4 d5 3. e5 Bf5 4. Nf3 e6 5. Be2 c5 6. Be3 Qb6 7. Nc3 Nc6 8. Na4
Qa5+ 9. c3 cxd4 10. Nxd4 Nxd4 11. Bxd4 Ne7 12. b4 Qc7 13. O-O Nc6 14. Rc1 h6
15. b5 Nxd4 16. cxd4 Qa5 17. Qb3 Be7 18. Nc5 Qd2 19. Qe3 Qxe3 20. fxe3 Rb8 21.
b6 Bxc5 22. Rxc5 axb6 23. Rc7 O-O 24. g4 Bg6 25. Bb5 Rfc8 26. Rfc1 Rxc7 27.
Rxc7 Kf8 28. Kf2 Bb1 29. a4 Ba2 30. h4 Bb3 31. g5 hxg5 32. hxg5 g6 33. Rc3 Bc4
34. Bxc4 Rc8 35. e4 Rxc4 36. Rxc4 dxc4 37. Ke3 b5 38. axb5 b6 1/2-1/2

[Event "BL 1920 SV Werder Bremen - SG Solingen"]
[Site "?"]
[Date "2019.11.23"]
[Round "1.7"]
[White "Naumann, Alexander"]
[Black "Babula, Vlastimil"]
[Result "1/2-1/2"]
[WhiteElo "2543"]
[BlackElo "2572"]
[PlyCount "43"]
[EventDate "2019.??.??"]

1. e4 c5 2. Nf3 e6 3. d4 cxd4 4. Nxd4 a6 5. c4 Nf6 6. Nc3 Qc7 7. a3 b6 8. Be3
Bb7 9. f3 Be7 10. Be2 O-O 11. Rc1 d6 12. O-O Nbd7 13. Qd2 Rfc8 14. b4 Qd8 15.
Rfd1 Rab8 16. Bf1 Ne5 17. Na4 Nfd7 18. Nb2 Qf8 19. Rc2 h6 20. Rdc1 Ba8 21. Nd3
Kh8 22. Nxe5 1/2-1/2

[Event "BL 1920 SV Werder Bremen - SG Solingen"]
[Site "?"]
[Date "2019.11.23"]
[Round "1.8"]
[White "Markgraf, Alexander"]
[Black "Handke, Florian"]
[Result "1/2-1/2"]
[WhiteElo "2483"]
[BlackElo "2529"]
[PlyCount "66"]
[EventDate "2019.??.??"]

1. e4 d6 2. d4 Nf6 3. Nc3 g6 4. f4 Bg7 5. Nf3 O-O 6. Bd3 Nc6 7. e5 dxe5 8. dxe5
Nd5 9. Bd2 Ncb4 10. Be4 c6 11. Qe2 Nxc3 12. Bxc3 a5 13. O-O Bg4 14. h3 Bxf3 15.
Qxf3 e6 16. Rad1 Qc7 17. Bd4 f5 18. Bd3 Rfd8 19. Qf2 Qf7 20. a3 Nxd3 21. Rxd3
Bf8 22. Rfd1 b5 23. Bc5 Rd5 24. Bxf8 Kxf8 25. Rxd5 cxd5 26. Qc5+ Qe7 27. Qxb5
Qa7+ 28. Kh1 Rc8 29. c3 Rc4 30. Rd4 Rxd4 31. cxd4 Qxd4 32. Qd7 Qxf4 33. Qxe6
Qf1+ 1/2-1/2

[Event "BL 1920 SV Lingen - SV Mülheim Nord"]
[Site "?"]
[Date "2019.11.23"]
[Round "1.1"]
[White "Navara, David"]
[Black "Laznicka, Viktor"]
[Result "1-0"]
[WhiteElo "2703"]
[BlackElo "2667"]
[PlyCount "81"]
[EventDate "2019.??.??"]

1. e4 c5 2. Nf3 e6 3. d4 cxd4 4. Nxd4 Nc6 5. Nc3 a6 6. Be2 d6 7. O-O Nf6 8. f4
d5 9. e5 Bc5 10. Be3 Nxd4 11. Bxd4 Qb6 12. Bxc5 Qxc5+ 13. Kh1 Ne4 14. Nxe4 dxe4
15. Qd6 Qxd6 16. exd6 b6 17. Rad1 f5 18. Rd4 Kd7 19. Rfd1 Bb7 20. Rb4 b5 21. c4
Rhc8 22. a4 Rc5 23. cxb5 a5 24. Rc4 Rac8 25. b3 Bd5 26. Rxc5 Rxc5 27. Bc4 g5
28. g3 gxf4 29. gxf4 Kxd6 30. Kg2 Rc7 31. Kf2 Rg7 32. Rc1 Bxc4 33. Rxc4 e5 34.
fxe5+ Kxe5 35. b4 Kd5 36. Rc5+ Kd4 37. b6 e3+ 38. Kf3 Re7 39. Rc7 Re8 40. bxa5
e2 41. Rc1 1-0

[Event "BL 1920 SV Lingen - SV Mülheim Nord"]
[Site "?"]
[Date "2019.11.23"]
[Round "1.2"]
[White "Volokitin, Andrei"]
[Black "Nguyen, Thai Dai Van"]
[Result "1/2-1/2"]
[WhiteElo "2633"]
[BlackElo "2548"]
[PlyCount "53"]
[EventDate "2019.??.??"]

1. e4 e5 2. Nf3 Nf6 3. d4 Nxe4 4. Bd3 d5 5. Nxe5 Nd7 6. Nc3 Nxe5 7. dxe5 Nxc3
8. bxc3 Bc5 9. O-O O-O 10. Qf3 Be6 11. Be3 Qe7 12. Rae1 Rae8 13. Qg3 Bxe3 14.
Rxe3 c5 15. f4 f5 16. exf6 Qxf6 17. Re5 c4 18. Be2 Bf5 19. Qe3 Be4 20. Qxa7
Bxg2 21. Kxg2 Rxe5 22. fxe5 Qg6+ 23. Kh3 Qh6+ 24. Kg3 Qg6+ 25. Kh3 Qh6+ 26. Kg2
Qg6+ 27. Kh3 1/2-1/2

[Event "BL 1920 SV Lingen - SV Mülheim Nord"]
[Site "?"]
[Date "2019.11.23"]
[Round "1.3"]
[White "Fridman, Daniel"]
[Black "Bindrich, Falko"]
[Result "1/2-1/2"]
[WhiteElo "2627"]
[BlackElo "2602"]
[PlyCount "48"]
[EventDate "2019.??.??"]

1. c4 e6 2. g3 d5 3. Bg2 Nf6 4. Nf3 dxc4 5. Qa4+ Bd7 6. Qxc4 c5 7. Ne5 Qc8 8.
Nc3 Nc6 9. Nxd7 Qxd7 10. O-O Be7 11. d3 Rc8 12. Bg5 b6 13. Rfd1 O-O 14. Qa4
Rfd8 15. Rac1 h6 16. Be3 Nd5 17. Nxd5 exd5 18. d4 c4 19. b3 b5 20. Qxb5 Rb8 21.
Qa4 Rb4 22. Qa6 Rb6 23. Qa4 Rb4 24. Qa6 Rb6 1/2-1/2

[Event "BL 1920 SV Lingen - SV Mülheim Nord"]
[Site "?"]
[Date "2019.11.23"]
[Round "1.4"]
[White "Ivanisevic, Ivan"]
[Black "Tregubov, Pavel V"]
[Result "1/2-1/2"]
[WhiteElo "2598"]
[BlackElo "2588"]
[PlyCount "87"]
[EventDate "2019.??.??"]

1. d4 Nf6 2. c4 e6 3. Nc3 Bb4 4. Qc2 d5 5. Bg5 h6 6. Bh4 c5 7. dxc5 Na6 8. cxd5
Nxc5 9. e3 Qxd5 10. Nf3 Bd7 11. Bxf6 gxf6 12. a3 Qb3 13. Rc1 Ba5 14. Nd2 Qxc2
15. Rxc2 Bxc3 16. Rxc3 Na4 17. Rc2 Ke7 18. b3 Nb6 19. Bd3 Rac8 20. Kd1 Nd5 21.
Kc1 Rxc2+ 22. Kxc2 Rc8+ 23. Kb2 Bc6 24. Rd1 f5 25. Nc4 b6 26. Be2 Nf6 27. g3
Bd5 28. Ne5 Ne4 29. f3 Nf6 30. Rd4 Ba8 31. Rc4 Rxc4 32. Bxc4 Nd7 33. Nxd7 Kxd7
34. Be2 Kd6 35. Kc3 Bd5 36. b4 f6 37. Bd1 Bb7 38. Kd2 Bd5 39. Be2 Ba2 40. Bd3
Bb3 41. h3 Bd5 42. Be2 Ke5 43. Kd3 Bb7 44. Kd2 1/2-1/2

[Event "BL 1920 SV Lingen - SV Mülheim Nord"]
[Site "?"]
[Date "2019.11.23"]
[Round "1.5"]
[White "Feygin, Michael"]
[Black "Perunovic, Milos"]
[Result "0-1"]
[WhiteElo "2471"]
[BlackElo "2578"]
[PlyCount "92"]
[EventDate "2019.??.??"]

1. e4 c5 2. Nf3 e6 3. b3 a6 4. Bb2 Nc6 5. g3 d5 6. exd5 exd5 7. Qe2+ Qe7 8.
Qxe7+ Ngxe7 9. Nc3 Be6 10. Bg2 h6 11. O-O-O d4 12. Na4 Nd5 13. Rhe1 O-O-O 14.
Ne5 Nxe5 15. Rxe5 Kc7 16. b4 b6 17. bxc5 b5 18. Nb6 Nxb6 19. cxb6+ Kxb6 20. Kb1
Bc5 21. d3 Rd6 22. Rde1 Rc8 23. f4 g6 24. Bf3 h5 25. R1e2 a5 26. Re1 a4 27.
R1e2 a3 28. Bc1 Bb4 29. Rg2 Rc7 30. g4 hxg4 31. Bxg4 Bd5 32. Rg3 Bxa2+ 33. Kxa2
Rxc2+ 34. Kb3 Rxc1 35. Rg2 Bc5 36. Bf3 Rc3+ 37. Ka2 b4 38. Bd1 Rxd3 39. Bb3 f6
40. Re8 Rc3 41. Rxg6 d3 42. Rb8+ Ka7 43. Rgg8 Rc2+ 44. Bxc2 dxc2 45. Ra8+ Kb7
46. Rab8+ Kc6 0-1